| 000 | 00839cam a22002411 4500 | ||
|---|---|---|---|
| 001 | sd 15000003 | ||
| 003 | DLC | ||
| 005 | 20260227112729.0 | ||
| 008 | 780330s1915 uy 001 0 spa c | ||
| 010 | _asd 15000003 | ||
| 035 | _a(OCoLC)3763499 | ||
| 040 |
_aU. S. Dept. of State. Libr. _cAzU _dAzU _dDLC |
||
| 042 | _apremarc | ||
| 050 | 0 | 0 |
_aJX1961.U8 _bB68 |
| 100 | 1 |
_aBrum, Baltasar, _d1883-1933. |
|
| 245 | 1 | 3 |
_aLa doctrina del arbitraje amplio. _bDiscurso pronunciado en la h. Cámara de Representantes del Uruguay. |
| 260 |
_aMontevideo, _bBarreiro y ca., _c1915. |
||
| 300 |
_a150 p. _c22 cm. |
||
| 500 | _aAt head of title: Baltasar Brum, ministro de relaciones exteriores. | ||
| 650 | 0 | _aArbitration (International law) | |
| 651 | 0 |
_aUruguay _xForeign relations |
|
| 710 | 1 |
_aUruguay. _bMinisterio de Relaciones Exteriores. |
|
| 999 |
_c89657 _d89657 |
||